| 000 | 00594nam a22002057a 4500 | ||
|---|---|---|---|
| 942 | _cBK | ||
| 999 |
_c486 _d486 |
||
| 005 | 20250420134812.0 | ||
| 008 | 200722b ||||| |||| 00| 0 eng d | ||
| 020 | _a9780262510875 | ||
| 040 | _cKCST | ||
| 082 |
_a005.133 _bAb St |
||
| 100 |
_aAbelson, Harold _94674 |
||
| 245 |
_aStructure and interpretation of computer programs / _cHarold Abelson; Gerald Jay Sussman; Julie Sussman |
||
| 250 | _a2nd ed. | ||
| 260 |
_aMA: _bMIT; _c1996. |
||
| 650 |
_aComputer programming. _94675 |
||
| 700 |
_aSussman, Gerald Jay _94676 |
||
| 700 |
_aSussman, Julie _94677 |
||
| 942 | _2ddc | ||